书目信息 |
| 题名: |
酒店采购部、仓储部精细化管理与服务规范
|
|
| 作者: | 李雯 编著 | |
| 分册: | ||
| 出版信息: | 北京 人民邮电出版社 2009.04 |
|
| 页数: | 190页 | |
| 开本: | 26cm | |
| 丛书名: | 弗布克酒店各部门精细化管理与服务规范系列 | |
| 单 册: | ||
| 中图分类: | F719.2 | |
| 科图分类: | ||
| 主题词: | 饭店--采购--商业管理 , 饭店--仓库管理 | |
| 电子资源: | ||
| ISBN: | 978-7-115-19805-1 | |
| 000 | 01062nam 2200253 450 | |
| 001 | 0011150141 | |
| 005 | 20100531175333.67 | |
| 010 | @a978-7-115-19805-1@dCNY28.00 | |
| 100 | @a20100515d2009 em y0chiy0110 ea | |
| 101 | 0 | @achi |
| 102 | @aCN@b110000 | |
| 105 | @aa z 000yy | |
| 200 | 1 | @a酒店采购部、仓储部精细化管理与服务规范@Ajiu dian cai gou bu、cang chu bu jing xi hua guan li yu fu wu gui fan@f李雯编著 |
| 210 | @a北京@c人民邮电出版社@d2009.04 | |
| 215 | @a190页@c图@d26cm | |
| 225 | 2 | @a弗布克酒店各部门精细化管理与服务规范系列 |
| 330 | @a本书以精细化、规范化、实用化为原则,分别细化了酒店采购部三大工作事项和仓储部三大工作事项。全书内容包括酒店采购部、仓储部岗位设置与岗位职责、采购办公室精细化管理、食品采购组精细化管理、用品采购组精细化管理、收货组精细化管理、食品仓精细化管理、用品仓精细化管理7个部分。 | |
| 410 | 0 | @12001 @a弗布克酒店各部门精细化管理与服务规范系列 |
| 606 | 0 | @a饭店@x采购@x商业管理 |
| 606 | 0 | @a饭店@x仓库管理 |
| 690 | @aF719.2@v4 | |
| 701 | 0 | @a李雯@Ali wen@4编著 |
| 801 | 0 | @aCN@c20100515 |
| 905 | @dF719.2@eL285@f3 | |
| 酒店采购部、仓储部精细化管理与服务规范/李雯编著.-北京:人民邮电出版社,2009.04 |
| 190页:图;26cm.-(弗布克酒店各部门精细化管理与服务规范系列) |
| ISBN 978-7-115-19805-1:CNY28.00 |
| 本书以精细化、规范化、实用化为原则,分别细化了酒店采购部三大工作事项和仓储部三大工作事项。全书内容包括酒店采购部、仓储部岗位设置与岗位职责、采购办公室精细化管理、食品采购组精细化管理、用品采购组精细化管理、收货组精细化管理、食品仓精细化管理、用品仓精细化管理7个部分。 |
| ● |
| 相关链接 |
|
|
|
正题名:酒店采购部、仓储部精细化管理与服务规范
索取号:F719.2/L285
 
预约/预借
| 序号 | 登录号 | 条形码 | 馆藏地/架位号 | 状态 | 备注 |
| 1 | 985346 | 209853461 | 社科库409/400B社科库 12排3列1层/ [索取号:F719.2/L285] | 在馆 | |
| 2 | 985347 | 209853470 | 社科库409/409社科库 46排4列2层/ [索取号:F719.2/L285] | 在馆 | |
| 3 | 985348 | 209853489 | 社科库409/409社科库 46排4列2层/ [索取号:F719.2/L285] | 在馆 |